Welcome to the Holygrace Academy Library

Please use search bar below to get started

YEARBOOK 2018 (Record no. 6681)

MARC details
000 -LEADER
fixed length control field 00299nam a22001337a 4500
020 ## - INTERNATIONAL STANDARD BOOK NUMBER
ISBN 978-93-5275-185-3
082 ## - DEWEY DECIMAL CLASSIFICATION NUMBER
Classification number 001
Item number KUR/S
100 ## - MAIN ENTRY--AUTHOR NAME
Personal name SCHOLASTIC
245 ## - TITLE STATEMENT
Title YEARBOOK 2018
260 ## - PUBLICATION, DISTRIBUTION, ETC. (IMPRINT)
Place of publication GURGAON
Name of publisher SCHOLASTIC INDIA
Year of publication 2017
300 ## - PHYSICAL DESCRIPTION
Number of Pages 256
650 ## - SUBJECT ADDED ENTRY--TOPICAL TERM
Topical Term GENERAL KNOWLEDGE
Geographic subdivision INDIA
942 ## - ADDED ENTRY ELEMENTS (KOHA)
Koha item type Books
Holdings
Withdrawn status Lost status Collection code Home library Current library Shelving location Date acquired Source of acquisition Cost, normal purchase price Full call number Accession Number Koha item type
    G.K Main Library Main Library SHELF-17B-- G.K RELATED QUIZ BOOK 16/10/2018 purchase 295.00 001 KUR/S 10265 Books